Judgement and quantitative forecasts in commercial property investment (Record no. 112545)
[ view plain ]
| 000 -LEADER | |
|---|---|
| fixed length control field | 00966cad a22002175a 4500 |
| 001 - CONTROL NUMBER | |
| control field | E153482 |
| 008 - FIXED-LENGTH DATA ELEMENTS--GENERAL INFORMATION | |
| fixed length control field | 110802s2005 xxk f 000 0 eng d |
| 035 ## - SYSTEM CONTROL NUMBER | |
| System control number | (Sirsi) u153482 |
| 041 0# - LANGUAGE CODE | |
| Language code of text/sound track or separate title | eng |
| 100 1# - MAIN ENTRY--PERSONAL NAME | |
| Personal name | Gallimore, Paul |
| 245 00 - TITLE STATEMENT | |
| Title | Judgement and quantitative forecasts in commercial property investment |
| Medium | [electronic resource] |
| 260 ## - PUBLICATION, DISTRIBUTION, ETC. | |
| Place of publication, distribution, etc. | London |
| Name of publisher, distributor, etc. | RICS |
| Date of publication, distribution, etc. | 2005 |
| 490 #0 - SERIES STATEMENT | |
| Series statement | RICS Findings in Built and Rural Environments |
| 520 ## - SUMMARY, ETC. | |
| Summary, etc. | Suggests that although forecasters seem to adjust their outputs to avoid presenting conspicuous or contentious forecasts, there is a continuing demand for such information. Argues that human judgement plays an important role in supporting quantitative econometric modelling. |
| 521 ## - TARGET AUDIENCE NOTE | |
| Target audience note | Advanced |
| 651 #4 - SUBJECT ADDED ENTRY--GEOGRAPHIC NAME | |
| Geographic name | International |
| 690 ## - LOCAL SUBJECT ADDED ENTRY--TOPICAL TERM (OCLC, RLIN) | |
| Topical term or geographic name as entry element | PROPERTY |
| 700 1# - ADDED ENTRY--PERSONAL NAME | |
| Personal name | McAllister, Patrick |
| 856 40 - ELECTRONIC LOCATION AND ACCESS | |
| Uniform Resource Identifier | <a href="https://www.rics.org/site/download_feed.aspx?fileID=3472&fileExtension=PDF">https://www.rics.org/site/download_feed.aspx?fileID=3472&fileExtension=PDF</a> |
| Public note | Broken link - not available |
| 942 ## - ADDED ENTRY ELEMENTS (KOHA) | |
| Suppress in OPAC | 0 |
| Withdrawn status | Lost status | Source of classification or shelving scheme | Damaged status | Not for loan | Home library | Current library | Shelving location | Date acquired | Total Checkouts | Full call number | Barcode | Date last seen | Copy number | Price effective from | Koha item type |
|---|---|---|---|---|---|---|---|---|---|---|---|---|---|---|---|
| Dewey Decimal Classification | Virtual | Virtual | Online | 02/08/2011 | ONLINE PUBLICATION | 153482-1001 | 06/08/2019 | 1 | 06/08/2019 | Book |